000 00475nam a2200181Ia 4500
001 8517
005 20260306160615.0
008 260306t2012||||xx |||||||||||||| ||spa||
041 _aESP
082 _a371.102
_bA91
100 _aAvendaño, Fernando
_eAUT
245 0 _aEl aula, un espacio para aprender a decir y a escuchar:
_bestrategias y recursos
260 _c2012
300 _a121 páginas :
_c22 cm.
650 _aGEN
654 _aCED
942 _cLIB
_dJUS
_fJUS
_2ddc
_n
999 _c8517
_d8517